Premier League Club Gained 70 or More Point Except BIG6 - Statistics

General Stats
  • This quiz has been taken 43 times
  • The average score is 13 of 15
Answer Stats
Season Rank Club Point Manager % Correct
3 Newcastle United 77 Kevin Keegan
97%
6 Newcastle United 72 Kevin Keegan
97%
95-96 2 Newcastle United 78 Kevin Keegan
97%
01-02 4 Newcastle United 71 Bobby Robson
97%
22-23 4 Newcastle United 71 Eddie Howe
97%
15-16 1 Leicester City 81 Claudio Ranieri
94%
92-93 2 Aston Villa 74 Ron Atkinson
86%
13-14 5 Everton 72 Roberto Martínez
83%
4 Blackburn Rovers 71 Kenny Dalglish
81%
93-94 2 Blackburn Rovers 84 Kenny Dalglish
81%
94-95 1 Blackburn Rovers 89 Kenny Dalglish
81%
3 Nottingham Forest 77 Frank Clark
72%
5 Leeds United 70 Howard Wilkinson
69%
5 Leeds United 73 Howard Wilkinson
69%
3 Norwich City 72 Mike Walker
58%
No matching quizzes found
Score Distribution
Percent of People with Each Score
Percentile by Number Answered
Your Score History
You have not taken this quiz